000 02335nam a2200553 i 4500
001 1512
003 KOSZ 005
005 20220802130739.0
008 220802s1981 pl a f 000 0 pol
015 _aPB 1981/7041
020 _a8321329608
020 _a8321330568
035 _a(OCoLC)830214820
040 _aWA N
_cWA N
_dKOSZ 005/EC
_dKOSZ 005/RW
046 _k1981
080 _a69
080 _a624.01/.07
080 _a(075.8)
100 1 _aŻenczykowski, Wacław
_d(1897-1957)
_eAutor
245 1 0 _aBudownictwo ogólne.
_nT. 2 cz. 1,
_pElementy i konstrukcje budowlane /
_cWacław Żenczykowski ; pod kierownictwem Wincentego Michniewicza ; poszczególne rozdziały opracowali Zbigniew Ablewicz [et. al.] ; [recenzent doc. dr inż. Mieczysław Rydlewski].
250 _aWydanie 7 (5 dodruk).
260 _aWarszawa :
_b"Arkady",
_c1981.
300 _a573, [2] strony :
_bilustracje, tabele, wykresy ;
_c25 cm.
336 _aTekst
_btxt
_2rdacontent
337 _aBez urządzenia pośredniczącego
_bn
_2rdamedia
338 _aWolumin
_bnc
_2rdacarrier
380 _aKsiążki
380 _aPublikacje fachowe
380 _aPublikacje dydaktyczne
385 _mPoziom nauczania
_aSzkoły wyższe
388 1 _a1901-2000
388 1 _a1945-1989
504 _aBibliografia i wykazy norm przy rozdziałach.
521 8 _aKsiążka jest podręcznikiem akademickim przeznaczonym dla studentów wydziałów inżynierii lądowej wyższych uczelni technicznych. Mogą z niej również korzystać inżynierowie i technicy budowlani.
650 7 _aBudownictwo
650 7 _aKonstrukcje budowlane
655 7 _aPodręczniki akademickie
658 _aArchitektura i budownictwo
700 1 _aMichniewicz, Wincenty
_eOpracowanie
_eRedakcja
700 1 _aAblewicz, Zbigniew
_eOpracowanie
700 1 _aBacciarelli, Władysław
_eOpracowanie
700 1 _aCzarnota-Bojarski, Roman
_d(1909-1978)
_eOpracowanie
700 1 _aDziarnowski, Zbigniew
_eOpracowanie
700 1 _aOlifierowicz, Jerzy
_eOpracowanie
700 1 _aRydlewski, Mieczysław
_eRecenzja
710 2 _aWydawnictwo Arkady
_4pbl
856 _uhttp://koha.tu.koszalin.pl/cgi-bin/koha/opac-detail.pl?biblionumber=1512
_yKatalog online BPK
942 _2UKD
_cKS
999 _c1512
_d1512